01581cam a2200337 a 45000010009000000050017000090080041000260100017000670200029000840200026001130200025001390200022001640200026001860200023002120350024002350400054002590500023003130820015003361000021003512450096003722600056004683000034005244900034005585040051005925050415006436500031010586500021010896500019011108300031011298560083011601482598720221006091350.0070427s2008 enka b 001 0 eng  a 2007016950 a9780415351201 (hardback) a0415351200 (hardback) a9780415351218 (pbk.) a0415351219 (pbk.) a9780203937327 (ebook) a0203937325 (ebook) a(OCoLC)ocn123912523 aDLCcDLCdYDXdBTCTAdBAKERdYDXCPdIUPdIAYdDLC00aJZ1318b.S534 200800a341.2bSHA1 aShaw, Timothy M.10aCommonwealth :binter- and non-state contributions to global governance /cTimothy M. Shaw. aAbingdon, Oxon ;aNew York, NY :bRoutledge,c2008. axvi, 160 p. :bill. ;c22 cm.1 aRoutledge global institutions aIncludes bibliographical references and index.0 aCommonwealth(s), inter- and non-state : how compatible? -- From decolonization to democratization : beyond the extended family to post-imperial nation-building? -- Commonwealths today : towards human development, human rights, and human security? -- Commonwealths' discourses and directions : pro- and/or anti-globalizations? -- Commonwealths and the competition : what niches? -- Commonwealths and the future. 0aInternational cooperation. 0aDemocratization. 0aGlobalization. 0aGlobal institutions series413Table of contents onlyuhttp://www.loc.gov/catdir/toc/ecip0716/2007016950.html